000 00827nam a2200181 a 4500
001 000028627
005 20200930055038.0
008 110411s1984 dr 000 0 spa d
040 _aDO-SdBNP
_bspa
_cBNPHU
082 _axxx
_bV622g
100 1 _aViñas Román, Jaime A.
_923796
245 1 1 _aGeneralidades sobre política de educación rural en la República Dominicana :
_bdocumento básico para estudio y discusión /
_cJaime A. Viñas Román.
260 _aSanto Domingo :
_bEditora UNPHU,
_c1984.
300 _a23 p. ;
_c22 cm.
500 _aPresentado por el Dr. Jaime A. Viñas Román, Rector de la Universidad Nacional Pedro Henríquez Ureña ante el Consejo Nacional Agricultura. Sección celebrada en el Auditorio del Campus II de la UNPHHU, el 28 de abril, 1984.
504 _aBibliografía : p. 23
049 _aBNPD
999 _c28119
_d28119